| 000 | 00589nam a2200217Ia 4500 | ||
|---|---|---|---|
| 003 | OSt | ||
| 005 | 20230427105510.0 | ||
| 008 | 210423s1999 xx 000 0 und d | ||
| 020 | _a8120408284 | ||
| 040 | _cAL | ||
| 041 | _aeng | ||
| 082 | _a615.53 SIVV | ||
| 100 |
_aSIVARAJAN (V V);BALACHANDRAN (Indira). _993791 |
||
| 245 | _aAyurvedic drugs and their plant sources. | ||
| 260 |
_aNew Delhi _bOxford University Press _c1999 |
||
| 300 |
_axv,570 _bPB |
||
| 365 |
_b775 _cINR |
||
| 650 |
_aPharmacology _993792 |
||
| 906 | _aAyurvedic ; drugs ; plant ; sources | ||
| 942 |
_2ddc _cBK |
||
| 999 |
_c162758 _d162758 |
||